| 000 | 00889 a2200241 4500 | ||
|---|---|---|---|
| 010 | _aENG-85202 | ||
| 020 |
_a8178241625 _c650.00 |
||
| 035 | _aEN-68735 | ||
| 037 | _bD.B.Act / ven | ||
| 082 | 1 | 4 | _a324.25431083 |
| 090 |
_c1671 _d1671 |
||
| 100 | 1 | _aPandian, M. S. S. | |
| 245 | 1 |
_aBrahmin and non-Brahmin _bgenealogies of the Tamil political present _cM.S.S. Pandian. |
|
| 246 | 1 | 8 | _aBrahmin & non-Brahmin |
| 260 |
_aDelhi _bPermanent Black, _c2007. |
||
| 270 |
_aD-28, Oxford Apartments, I. P. Extension _bDelhi _cDelhi _e110092 |
||
| 300 |
_axi, 274 p. _c22 cm. (Hb) |
||
| 500 | _aIncludes bibliographical references and index | ||
| 650 | 0 |
_aCaste _zIndia _zTamil Nadu. |
|
| 651 | 0 |
_aTamil Nadu (India) _xPolitics and government _y20th century. |
|
| 942 |
_adpl _cEN _k324.25431083 / PAN |
||
| 999 |
_c1641 _d1641 |
||